02921nam a2200325Ia 4500008004100000020001500041050002400056100003300080240006400113245018300177250001200360260004200372300004000414336001000454337001400464338001200478500007600490505139900566519007501965519007002040650005702110650002302167700004502190700005302235700004602288942001202334952011602346952011602462999001702578120626s2005 mx 000 0 spa d a9707291605 aBF76.5 bC6718 2005 aCoolican, Hughdautor94465910aResearch methods and statistics in psychology. lEspañol  aMétodos de investigación y estadística en psicología c/ Hugh Coolican; traductor Gloria Padilla Sierra, Susana Margarita Olivares Bari y José Luis Núñez Herrejón a3a. ed. aMéxico b: El manual moderno c2005 aXVI, 494 páginasb: ilustraciones atexto asin medio avolumen aTraducción de: Research methods and statistics in psychology, 4th ed. aContenido: Prefacio --- 1. Psicología e investigación --- 2. Medición de las personas: variables, muestras y critica cualitativa --- 3. Uso de diseños experimentales en la psicología --- 6. Validez en experimentos, cuasiexperimentos y métodos no experimentales --- 5. Métodos observacionales: cuando se mira y se está con la gente --- 6. Métodos de entrevista - hacer preguntas directas a la gente --- 7. Cuestionarios - uso de escalas y pruebas psicológicas en la investigación --- 8. Estudios comparativos - exploración, anticipación y extrapolación --- 9. Métodos cualitativos: problemas con el positivismo --- 10. Estadística;: organización de los datos --- 11. Significancia: ¿Qué es el efecto real? --- 12. Pruebas diferenciales entre dos muestras --- 13. Pruebas de variables categóricas y tablas de frecuencia --- 14. Correlación - asociación de variables medidas --- 15. Análisis multinivel. Diferencia entre más de dos condiciones --- 16. Análisis multifactorial --- 17. Diseños anova con medidas repetidas --- 18. Entonces, ¿Qué prueba debería utilizar? Elección de la prueba inferencial adecuada para sus datos --- 19. Análisis de datos cualitativos --- 20. Aspectos éticos de la investigación psicológica --- 21. Planeación de la práctica y redacción del informe. --- Apéndice --- Referencias --- Índice. aPlan flexiblebPsicología cTeoría de la medida (B11)d(11 006676) aPlan flexiblebPsicología cEstadística II (M03)d(11 006677) aPSICOLOGÍAxINVESTIGACIÓN Y METODOLOGÍA944660 aPSICOMETRÍA9479 aGloria Padilla Sierra etraductor944670 aSusana Margarita Olivares Barietraductor944671 aZamudio Lemus, Nelydaesustentante944672 cLB2lcc 00102lcc4070a11b11d2007-09-14l8oBF76.5 C6718 2005p11 006677r2019-03-07s2019-03-07t1w2012-06-26yLB 00102lcc4070a11b11d2007-09-14l4oBF76.5 C6718 2005p11 006678r2020-01-13s2020-01-13t2w2012-06-26yLB c71633d71633